[Event "CZE-chT1E 0910"]
[Site "Czech Republic"]
[Date "2009.10.25"]
[Round "2.7"]
[White "Jankovec, Ivan"]
[Black "Gibiec, Ernest"]
[Result "1/2-1/2"]
[WhiteElo "2179"]
[BlackElo "2247"]
[PlyCount "37"]
[EventDate "2009.11.15"]
[EventType "team-tourn"]
[EventRounds "11"]
[EventCountry "CZE"]
[SourceTitle "EXT 2011"]
[Source "ChessBase"]
[SourceDate "2010.11.26"]
[SourceVersion "1"]
[SourceVersionDate "2010.11.26"]
[SourceQuality "1"]
[WhiteTeam "Orlova Slavia"]
[BlackTeam "Karvina"]
[WhiteTeamCountry "CZE"]
[BlackTeamCountry "CZE"]

1. d4 d5 2. Nf3 Nf6 3. c4 c6 4. Nc3 dxc4 5. a4 Bf5 6. e3 e6 7. Bxc4 Bb4 8. 0-0 Nbd7 9. Qe2 Bg6 10. Bd2 a5 11. Rac1 0-0 12. h3 Qe7 13. Ne5 c5 14. Nxg6 hxg6 15. Nb5 cxd4 16. exd4 Bxd2 17. Qxd2 Nb6 18. Bb3 Nfd5 19. Rc4 1/2-1/2

[Event "CZE-chT1E 0809"]
[Site "Czech Republic"]
[Date "2008.11.16"]
[Round "3.8"]
[White "Pakosta, Miroslav"]
[Black "Jankovec, Ivan"]
[Result "1/2-1/2"]
[WhiteElo "2156"]
[BlackElo "2198"]
[PlyCount "40"]
[EventDate "2008.11.08"]
[EventType "team-tourn"]
[EventRounds "11"]
[EventCountry "CZE"]
[SourceTitle "EXT 2010"]
[Source "ChessBase"]
[SourceDate "2010.11.25"]
[SourceVersion "1"]
[SourceVersionDate "2010.11.25"]
[SourceQuality "1"]
[WhiteTeam "Brno Lokomotiva"]
[BlackTeam "Karvina"]
[WhiteTeamCountry "CZE"]
[BlackTeamCountry "CZE"]

1. e4 c5 2. c3 Nf6 3. e5 Nd5 4. d4 cxd4 5. Nf3 e6 6. cxd4 d6 7. Nc3 Nxc3 8. bxc3 Nc6 9. Bf4 dxe5 10. Nxe5 Nxe5 11. Bxe5 Bd7 12. Bd3 Bc6 13. Qg4 h5 14. Qh3 Bd6 15. Bxg7 Rg8 16. Bh6 Qa5 17. Bf1 0-0-0 18. Bd2 Kb8 19. f3 e5 20. Qxh5 Qc7 1/2-1/2

[Event "CZE-chT2f 0607"]
[Site "Czech Republic"]
[Date "2006.10.15"]
[Round "1.6"]
[White "Jankovec, Ivan"]
[Black "Zavesicky, Petr"]
[Result "1/2-1/2"]
[WhiteElo "2197"]
[BlackElo "2046"]
[PlyCount "58"]
[EventDate "2006.10.14"]
[EventType "team"]
[EventRounds "11"]
[EventCountry "CZE"]
[SourceTitle "EXT 2009"]
[Source "ChessBase"]
[SourceDate "2008.11.26"]
[SourceVersion "1"]
[SourceVersionDate "2008.11.26"]
[SourceQuality "1"]

1. c4 Nf6 2. Nc3 e6 3. d4 b6 4. Bg5 Bb4 5. f3 Bxc3+ 6. bxc3 h6 7. Bh4 d5 8. cxd5 exd5 9. e3 0-0 10. Bd3 Bb7 11. Ne2 Re8 12. Bf2 Nbd7 13. 0-0 Rc8 14. Ng3 c5 15. Nf5 Nb8 16. g4 cxd4 17. cxd4 Rc3 18. Re1 Qd7 19. Bg3 Ba6 20. Bxa6 Nxa6 21. Be5 Re6 22. Qd2 Rcc6 23. Rac1 Ne8 24. Rc3 Nb4 25. Rb3 Na6 26. Ra3 Qc8 27. Qe2 Rc4 28. Qb2 Nb4 29. Re2 a5 1/2-1/2

[Event "CZE-chT2f 0506"]
[Site "Czech Republic"]
[Date "2006.04.09"]
[Round "11.3"]
[White "Kubin, Petr"]
[Black "Jankovec, Ivan"]
[Result "0-1"]
[WhiteElo "2074"]
[BlackElo "2206"]
[PlyCount "78"]
[EventDate "2005.10.16"]
[EventType "team"]
[EventRounds "11"]
[EventCountry "CZE"]
[SourceTitle "EXT 2009"]
[Source "ChessBase"]
[SourceDate "2008.11.26"]
[SourceVersion "1"]
[SourceVersionDate "2008.11.26"]
[SourceQuality "1"]

1. e4 c5 2. Nf3 d6 3. d4 cxd4 4. Nxd4 Nf6 5. Nc3 a6 6. Bg5 e6 7. f4 h6 8. Bh4 g5 9. fxg5 Nh7 10. Qd2 hxg5 11. Bf2 Be7 12. 0-0-0 Nf8 13. Be3 Ng6 14. Be2 Nd7 15. Rdf1 Nde5 16. Nf3 f6 17. Kb1 b5 18. a3 Rb8 19. Nd4 Qc7 20. h3 Nc4 21. Bxc4 Qxc4 22. b3 Qc7 23. g3 Ne5 24. h4 g4 25. Nce2 Qb7 26. Ka2 Qxe4 27. Nf4 Kf7 28. h5 Bd7 29. Rh2 a5 30. Bg1 a4 31. Re1 axb3+ 32. cxb3 Qh7 33. Rhe2 Rhc8 34. Kb2 b4 35. a4 Rc3 36. Ng6 Qxh5 37. Nxe7 Kxe7 38. Rh2 Qg6 39. Qh6 Qxh6 0-1

[Event "CZE-chT2f 0506"]
[Site "Czech Republic"]
[Date "2005.11.20"]
[Round "3.3"]
[White "Jankovec, Ivan"]
[Black "Pavelek, Karel"]
[Result "1-0"]
[WhiteElo "2206"]
[BlackElo "2220"]
[PlyCount "73"]
[EventDate "2005.10.16"]
[EventType "team"]
[EventRounds "11"]
[EventCountry "CZE"]
[SourceTitle "EXT 2009"]
[Source "ChessBase"]
[SourceDate "2008.11.26"]
[SourceVersion "1"]
[SourceVersionDate "2008.11.26"]
[SourceQuality "1"]

1. d4 d5 2. c4 e6 3. Nc3 Nf6 4. Bg5 Nbd7 5. e3 Be7 6. Bd3 dxc4 7. Bxc4 h6 8. Bh4 0-0 9. Nf3 c5 10. 0-0 a6 11. a4 cxd4 12. exd4 Nb6 13. Bb3 Nbd5 14. Ne5 Bd7 15. Nxd5 Nxd5 16. Bxd5 exd5 17. Bxe7 Qxe7 18. Rc1 Rac8 19. Qb3 Rxc1 20. Rxc1 Be6 21. h3 Re8 22. a5 Qg5 23. Rc7 Qf4 24. Qc3 f6 25. Nd3 Qe4 26. Rxb7 Rc8 27. Nc5 Qb1+ 28. Kh2 Bf7 29. Qg3 Qe1 30. b4 Qd2 31. Qe3 Qxe3 32. fxe3 Re8 33. Nxa6 Rxe3 34. Nc5 Ra3 35. a6 Bh5 36. a7 Kh7 37. Ne6 1-0

[Event "MOR-chT 0405"]
[Site "Czech Republic"]
[Date "2004.10.24"]
[Round "3.7"]
[White "Kocian, Karel"]
[Black "Jankovec, Ivan"]
[Result "0-1"]
[WhiteElo "2170"]
[BlackElo "2232"]
[PlyCount "94"]
[EventDate "2004.10.09"]
[EventType "team"]
[EventRounds "11"]
[EventCountry "CZE"]
[SourceTitle "CBM 103 Extra"]
[Source "ChessBase"]
[SourceDate "2005.01.01"]
[SourceVersion "1"]
[SourceVersionDate "2005.01.01"]
[SourceQuality "1"]

1. Nf3 c5 2. e4 d6 3. g3 Nc6 4. Bg2 g6 5. 0-0 Bg7 6. h3 e5 7. d3 Nge7 8. Be3 0-0 9. Nc3 h6 10. Nd2 Nd4 11. f4 Kh7 12. Kh2 Rb8 13. fxe5 dxe5 14. Nd5 Nxd5 15. exd5 b6 16. c4 Nf5 17. Bf2 Nd6 18. Rb1 Bf5 19. Qe2 Qc7 20. a3 b5 21. Rbc1 b4 22. a4 Bd7 23. Nb3 Nb7 24. d6 Nxd6 25. Nxc5 Bc8 26. Ne4 Nxe4 27. dxe4 b3 28. Rc3 Be6 29. c5 Rb4 30. Qa6 Rd8 31. c6 Rd2 32. Bc5 Rxe4 33. Qb7 Qc8 34. Rxf7 Bxf7 35. Qxc8 Ree2 36. Kg1 Rxg2+ 37. Kf1 Bd5 38. Rc1 Rh2 39. Qa6 Bg2+ 40. Ke1 Bxh3 41. Bg1 Rhg2 42. c7 Rxb2 43. Be3 Rh2 44. Qxa7 Rbe2+ 45. Kd1 Reg2 46. c8Q Bxc8 47. Bg1 Rh1 0-1

[Event "MOR-chT2N 0203"]
[Site "Moravia"]
[Date "2003.02.16"]
[Round "8"]
[White "Jankovec, Ivan"]
[Black "Vysoglad, Petr"]
[Result "1/2-1/2"]
[WhiteElo "2204"]
[BlackElo "2141"]
[PlyCount "42"]
[EventDate "2002.10.??"]
[EventType "team"]
[EventRounds "11"]
[EventCountry "CZE"]
[SourceTitle "EXT 2006"]
[Source "ChessBase"]
[SourceDate "2005.11.24"]
[SourceVersion "1"]
[SourceVersionDate "2005.11.24"]
[SourceQuality "1"]

1. d4 Nf6 2. c4 c5 3. e3 g6 4. Nc3 cxd4 5. exd4 Bg7 6. Nf3 0-0 7. d5 d6 8. Be2 e5 9. dxe6 Bxe6 10. Nd4 d5 11. Be3 Nc6 12. c5 Nd7 13. 0-0 Qh4 14. g3 Qf6 15. Ncb5 Bh3 16. Re1 a6 17. Nxc6 bxc6 18. Bd4 Ne5 19. f4 axb5 20. Bxe5 Qd8 21. Bxg7 Kxg7 1/2-1/2

[Event "MOR-chT 0203"]
[Site "Moravia"]
[Date "2003.01.19"]
[Round "6"]
[White "Mudrak, Josef"]
[Black "Jankovec, Ivan"]
[Result "1-0"]
[WhiteElo "2394"]
[BlackElo "2172"]
[PlyCount "115"]
[EventDate "2002.10.??"]
[EventType "team"]
[EventRounds "11"]
[EventCountry "CZE"]
[SourceTitle "EXT 2005"]
[Source "ChessBase"]
[SourceDate "2004.11.15"]
[SourceVersion "1"]
[SourceVersionDate "2004.11.15"]
[SourceQuality "1"]

1. d4 c5 2. d5 e5 3. e4 d6 4. f4 exf4 5. Bxf4 Nf6 6. Nc3 a6 7. a4 Be7 8. Be2 0-0 9. Qd3 Ne8 10. Nf3 Bg4 11. 0-0 Nd7 12. Nd1 Bf6 13. c3 Ne5 14. Qd2 Qe7 15. Ne3 Bd7 16. Bd3 g6 17. Nxe5 Bxe5 18. Nc4 Bxf4 19. Qxf4 b5 20. axb5 Bxb5 21. e5 Bxc4 22. exd6 Nxd6 23. Bxc4 a5 24. Rae1 Qd7 25. Bd3 Rfe8 26. h4 Rxe1 27. Rxe1 h5 28. Qg5 Re8 29. Rf1 Qe7 30. Rf6 Ne4 31. Bxe4 Qxe4 32. Rf1 Qe5 33. Qxe5 Rxe5 34. Rd1 Kf8 35. Kf2 Ke7 36. c4 Rf5+ 37. Ke3 Rf6 38. Ra1 Ra6 39. Kd3 Kd6 40. Rf1 f5 41. Re1 Kd7 42. Kc3 Rf6 43. Ra1 Ra6 44. Kd3 Kd6 45. Re1 Kd7 46. Ke3 Rb6 47. Re2 Rb4 48. Rc2 Rb3+ 49. Kf4 Rd3 50. Kg5 Rg3+ 51. Kf6 Rg4 52. b3 Kc7 53. Ra2 Kb6 54. Kf7 Rg3 55. Re2 Rxb3 56. Re6+ Kc7 57. Ke7 Rd3 58. Rc6+ 1-0

[Event "Karvina op"]
[Site "Karvina"]
[Date "2003.??.??"]
[Round "7"]
[White "Helis, Tadeusz"]
[Black "Jankovec, Ivan"]
[Result "1/2-1/2"]
[WhiteElo "2314"]
[BlackElo "2200"]
[PlyCount "34"]
[EventDate "2003.07.??"]
[EventType "swiss"]
[EventRounds "9"]
[EventCountry "CZE"]
[SourceTitle "EXT 2005"]
[Source "ChessBase"]
[SourceDate "2004.11.15"]
[SourceVersion "1"]
[SourceVersionDate "2004.11.15"]
[SourceQuality "1"]

1. c4 c5 2. Nf3 g6 3. Nc3 Bg7 4. g3 Nc6 5. Bg2 e6 6. d3 Nge7 7. Bd2 d5 8. cxd5 exd5 9. 0-0 0-0 10. Qc1 Re8 11. Bh6 Bh8 12. Re1 b6 13. h4 Bg4 14. Nh2 Be6 15. h5 Qd7 16. hxg6 hxg6 17. Nf3 Bg4 1/2-1/2

[Event "Karvina op"]
[Site "Karvina"]
[Date "2003.??.??"]
[Round "8"]
[White "Jankovec, Ivan"]
[Black "Michenka, Jozef"]
[Result "0-1"]
[WhiteElo "2200"]
[BlackElo "2351"]
[PlyCount "90"]
[EventDate "2003.07.??"]
[EventType "swiss"]
[EventRounds "9"]
[EventCountry "CZE"]
[SourceTitle "EXT 2005"]
[Source "ChessBase"]
[SourceDate "2004.11.15"]
[SourceVersion "1"]
[SourceVersionDate "2004.11.15"]
[SourceQuality "1"]

1. c4 e6 2. d4 Nf6 3. Nf3 d5 4. Bg5 Be7 5. e3 0-0 6. cxd5 exd5 7. Bd3 Nh5 8. Bxe7 Qxe7 9. 0-0 Nd7 10. Nc3 c6 11. Rb1 a5 12. Qc2 g6 13. e4 dxe4 14. Nxe4 Nb6 15. Rfe1 Qd8 16. Nc5 Nd5 17. a3 Qc7 18. Qd2 Kg7 19. Rbc1 Qf4 20. Qxf4 Nhxf4 21. Bb1 Rd8 22. h3 Kf8 23. Kh2 Rb8 24. Nb3 Ra8 25. Nc5 h6 26. Kg1 Nc7 27. Rcd1 Rb8 28. Nd3 Nxd3 29. Bxd3 Be6 30. Rc1 Bd5 31. Be4 Bb3 32. Bc2 Be6 33. Rcd1 Rd6 34. Rc1 Rbd8 35. a4 Bd5 36. Re3 Bxf3 37. Rxf3 Ne6 38. Bb3 Ng5 39. Re3 Rxd4 40. Rc5 Ra8 41. Rce5 Rb4 42. h4 Rxh4 43. Bc2 Rc4 44. Re2 Ne6 45. b3 Rc3 0-1

[Event "MOR-chT 0203"]
[Site "Moravia"]
[Date "2002.12.08"]
[Round "4"]
[White "Jankovec, Ivan"]
[Black "Svanda, Pavel"]
[Result "1-0"]
[WhiteElo "2204"]
[BlackElo "2303"]
[PlyCount "99"]
[EventDate "2002.10.??"]
[EventType "team"]
[EventRounds "11"]
[EventCountry "CZE"]
[SourceTitle "EXT 2005"]
[Source "ChessBase"]
[SourceDate "2004.11.15"]
[SourceVersion "1"]
[SourceVersionDate "2004.11.15"]
[SourceQuality "1"]

1. d4 Nf6 2. Nf3 g6 3. c4 Bg7 4. Nc3 0-0 5. e4 d6 6. Be2 Nc6 7. d5 Ne5 8. Nxe5 dxe5 9. 0-0 c6 10. Be3 cxd5 11. cxd5 Ne8 12. Qb3 Nd6 13. f3 Bd7 14. Nb5 Bxb5 15. Bxb5 Qa5 16. Bd3 Rfc8 17. Rfc1 Qd8 18. Rxc8 Qxc8 19. Rc1 Qf8 20. Rc7 Bh6 21. Bf2 Bd2 22. Qa3 Qd8 23. Rc5 f6 24. Kf1 a6 25. Ke2 Bh6 26. Qc3 Kf8 27. a4 Rc8 28. b4 Ra8 29. a5 Kf7 30. Rc7 Rc8 31. Rxc8 Nxc8 32. b5 axb5 33. Bxb5 Nd6 34. Ba4 Qa8 35. Bb6 Qa6+ 36. Qd3 Bc1 37. Qxa6 bxa6 38. Bc2 f5 39. Bd3 fxe4 40. fxe4 Ke8 41. Bxa6 Kd7 42. Kd3 Ba3 43. Bc4 Nc8 44. Bf2 Kc7 45. a6 Kb8 46. Bb5 g5 47. Bd7 Na7 48. Kc4 h6 49. Be3 Bb2 50. Bc5 1-0

[Event "MOR-chT 0203"]
[Site "Moravia"]
[Date "2002.11.10"]
[Round "2"]
[White "Doring, Robert"]
[Black "Jankovec, Ivan"]
[Result "1/2-1/2"]
[WhiteElo "2221"]
[BlackElo "2204"]
[PlyCount "46"]
[EventDate "2002.10.??"]
[EventType "team"]
[EventRounds "11"]
[EventCountry "CZE"]
[SourceTitle "EXT 2005"]
[Source "ChessBase"]
[SourceDate "2004.11.15"]
[SourceVersion "1"]
[SourceVersionDate "2004.11.15"]
[SourceQuality "1"]

1. e4 c5 2. c3 e5 3. Nf3 Nc6 4. Bc4 Qc7 5. 0-0 Be7 6. d3 Nf6 7. Ng5 0-0 8. f4 h6 9. Nxf7 Rxf7 10. Bxf7+ Kxf7 11. fxe5 Qxe5 12. Bf4 Qe6 13. Na3 Kg8 14. Nb5 Ne8 15. Qh5 Nf6 16. Qg6 Qg4 17. Qxg4 Nxg4 18. Nc7 Rb8 19. Nd5 Ra8 20. h3 Nf6 21. Nxe7+ Nxe7 22. Bxh6 Ng6 23. Bg5 Nh7 1/2-1/2

[Event "CZE-chT 9899"]
[Site "Czech Republic"]
[Date "1999.01.24"]
[Round "5"]
[White "Jankovec, Ivan"]
[Black "Bazant, Petr Sr"]
[Result "1/2-1/2"]
[WhiteElo "2269"]
[BlackElo "2345"]
[PlyCount "78"]
[EventDate "1998.10.31"]
[EventType "team-tourn"]
[EventRounds "11"]
[EventCountry "CZE"]
[SourceTitle "EXT 2019"]
[Source "ChessBase"]
[SourceDate "2018.10.10"]
[SourceVersion "1"]
[SourceVersionDate "2018.10.10"]
[SourceQuality "1"]
[WhiteTeam "Trinec"]
[BlackTeam "Zlin"]
[WhiteTeamCountry "CZE"]
[BlackTeamCountry "CZE"]

1. c4 e6 2. Nf3 d5 3. d4 c5 4. cxd5 exd5 5. g3 Nf6 6. Bg2 Be7 7. 0-0 0-0 8. Nc3 Nc6 9. Be3 cxd4 10. Nxd4 Bg4 11. h3 Bd7 12. Kh2 Rc8 13. Nxd5 Nxd5 14. Bxd5 Nxd4 15. Bxd4 Bxh3 16. Bxf7+ Rxf7 17. Kxh3 Rc6 18. Be3 Qc8+ 19. Kg2 Qf5 20. Qd3 Qxd3 21. exd3 Bf6 22. Rac1 Bxb2 23. Rxc6 bxc6 24. Rb1 Be5 25. Rb4 Rd7 26. d4 Bd6 27. Ra4 Be7 28. Kf3 Kf7 29. Ke4 Bf6 30. Ra6 Rc7 31. a4 h5 32. a5 Ke8 33. d5 Re7+ 34. Kd3 cxd5 35. Rxa7 Rxa7 36. Bxa7 Kd7 37. Bd4 h4 38. gxh4 Bxh4 39. f4 g6 1/2-1/2

[Event "Trinec op"]
[Site "Trinec"]
[Date "1999.01.03"]
[Round "9"]
[White "Barglowski, Filip"]
[Black "Jankovec, Ivan"]
[Result "0-1"]
[WhiteElo "2055"]
[BlackElo "2290"]
[PlyCount "104"]
[EventDate "1998.12.??"]
[EventType "swiss"]
[EventRounds "9"]
[EventCountry "CZE"]
[SourceTitle "EXT 2000"]
[Source "ChessBase"]
[SourceDate "1999.11.16"]
[SourceVersion "1"]
[SourceVersionDate "1999.11.16"]
[SourceQuality "1"]

1. e4 c5 2. Nf3 d6 3. d4 cxd4 4. Nxd4 Nf6 5. Nc3 e6 6. Be2 Be7 7. 0-0 a6 8. f4 Qc7 9. Kh1 0-0 10. Bd3 b5 11. a3 Bb7 12. Qe1 Nc6 13. Be3 Nxd4 14. Bxd4 e5 15. fxe5 dxe5 16. Qg3 Nd7 17. Be3 Kh8 18. Rf5 f6 19. Rh5 Rfe8 20. Nd5 Qd8 21. Nb6 Nf8 22. Nxa8 Qxa8 23. Qg4 Bc8 24. Qg3 Bb7 25. Qg4 Bc8 26. Qf3 Be6 27. g4 g6 28. Rh6 Kg7 29. Rf1 Qc8 30. Rg1 g5 31. Rh3 Ng6 32. Rhg3 Nh4 33. Qe2 Qb7 34. Rf1 Rc8 35. Bc1 Qc6 36. h3 Bf7 37. Kh2 Rh8 38. a4 bxa4 39. Bxa6 Bg6 40. Bd3 h5 41. Qf2 hxg4 42. Rxg4 Be8 43. Bd2 Ng6 44. Rg3 Bc5 45. Qf3 Be7 46. Be3 Qc7 47. c4 Nf4 48. Rd1 Bh5 49. Qf1 Bxd1 50. Qxd1 Qd7 51. Bxf4 exf4 52. Rf3 g4 0-1

[Event "Trinec op"]
[Site "Trinec"]
[Date "1998.12.27"]
[Round "2"]
[White "Jankovec, Ivan"]
[Black "Orsag, Milan"]
[Result "0-1"]
[WhiteElo "2290"]
[BlackElo "2405"]
[PlyCount "64"]
[EventDate "1998.12.??"]
[EventType "swiss"]
[EventRounds "9"]
[EventCountry "CZE"]
[SourceTitle "EXT 2000"]
[Source "ChessBase"]
[SourceDate "1999.11.16"]
[SourceVersion "1"]
[SourceVersionDate "1999.11.16"]
[SourceQuality "1"]

1. d4 d5 2. Nf3 e6 3. c4 c5 4. cxd5 exd5 5. g3 Nc6 6. Bg2 Nf6 7. Nc3 Be7 8. 0-0 0-0 9. Be3 cxd4 10. Nxd4 Re8 11. h3 h6 12. Nb3 Be6 13. Nc5 Bf8 14. Qa4 Qe7 15. Rfd1 d4 16. Nxb7 dxe3 17. Bxc6 exf2+ 18. Kh2 Qc7 19. Bf3 Rab8 20. Ne4 Nd5 21. Na5 Ne3 22. Nxf2 Nxd1 23. Rxd1 Rec8 24. Nc6 Rxb2 25. Qxa7 Qxa7 26. Nxa7 Rc3 27. Kg2 Bc4 28. Re1 Rxa2 29. Nc6 Rxf3 30. exf3 Bc5 31. Rc1 Rxf2+ 32. Kh1 Rf1+ 0-1